Herbário (Registo nº 3888)

Detalhes MARC
000 -Etiqueta do registo
Cabeçalho 00750nam0a2200265 4500
005 - Identificador da versão
Campo de controlo 20240813122047.0
010 ## - Número internacional normalizado dos livros (ISBN)
Número (ISBN) 9723705494
021 ## - Número do Depósito Legal
Código do país PT
Número 143243/99
100 ## - Dados gerais de processamento
Dados gerais de processamento 20170511d1999 m y0pory5003 ba
102 ## - Pais de publicação ou produção
País de publicação Portugal
101 0# - Língua de publicação
Língua do texto, banda sonora, etc. Português
215 ## - Descrição física 
Indicação específica da natureza do documento e extensão da espécie 57, [3] p.
Outras indicações físicas il. color
200 1# - Titulo e menção de responsabilidade
Título próprio Herbário
Primeira menção de responsabilidade Jorge Sousa Braga
Outras menções de responsabilidade des. Cristina Valadas
225 1# - Colecção 
Título próprio da colecção Assirinha
Indicação de volume 2
210 ## - Publicação, Distribuição, etc. 
Lugar da edição, distribuição, etc. Lisboa
Nome do editor, distribuidor, etc. Assirio & Alvim
Data da publicação, distribuição, etc. 1999
300 ## - Notas gerais 
Texto da nota PNL
606 ## - Nome comum usado como assunto
Número de registo de entrada de autoridade 0001358
Palavra de ordem Literatura portuguesa
Subdivisão de assunto Poesia
Código do sistema CA
675 ## - Classificação Decimal Universal (CDU)
Notação 821.134.3-1
Edição 3ª ed.
Língua da edição por
702 #1 - Nome de autor-pessoa física (responsabilidade secundária)
Número de registo de entrada de autoridade 0000348
Palavra de ordem Valadas
Outra parte do nome não tomada para palavra de ordem Cristina
Datas 1965-
Código de função Ilustrador / Técnico de desenho computorizado
700 #1 - Nome de autor-pessoa física (responsabilidade principal)
Número de registo de entrada de autoridade 0001841
Palavra de ordem Braga
Outra parte do nome não tomada para palavra de ordem Jorge de Sousa
Datas 1957-
966 ## - Identificação da Biblioteca
Sigla EBVEN
942 ## - Elementos de entrada adicionados (Koha)
Tipo de item no Koha Livro
Exemplares
Situação do levantamento Origin of item (home branch) (coded) Biblioteca de empréstimo Código de barras Cota Circulation type (not for loan) Tipo de documento Nota do exemplar Damaged status
  Biblioteca Escolar das Vendas Biblioteca Escolar das Vendas BEV940 8POR BRA PNL   Livro Sem mensagem